| 000 | 00405nam a22001337a 4500 | ||
|---|---|---|---|
| 999 |
_c12506 _d12506 |
||
| 008 | 210204b ||||| |||| 00| 0 eng d | ||
| 082 | 0 | 0 |
_a387.15 _bI325 |
| 110 |
_9806 _aIMCO |
||
| 245 | 1 | 0 |
_aFacilities in ports for the reception of oil residues; : results of an enquiry made in 1972 _cby IMCO |
| 260 |
_aLondon _bIMCO _c1972 |
||
| 300 | _a30p. | ||
| 650 | 0 | _aOil pollution of rivers, harbors | |
| 942 | _cBK | ||